| 000 | 00586nam a2200205Ii 4500 | ||
|---|---|---|---|
| 003 | JO-AjNU | ||
| 008 | 230606s9999||||xx |||||||||||||| ||und|| | ||
| 020 | _a06-09019-3 | ||
| 040 |
_aJO-AjNU _beng _erda _cJO-AjNU |
||
| 041 | _aeng | ||
| 050 | 1 | 4 | _aBL51.H98 1945 |
| 100 | 3 |
_aHuxley ,Aldous, _eauthor _95438 |
|
| 245 | 0 | 0 | _a The perennial philosophy |
| 264 | 3 | 1 | _aNew York: Harper Colophon Books, 1945 |
| 300 | _a311p | ||
| 336 |
_atext _btxt _2rdacontent |
||
| 337 |
_aunmediated _bn _2rdamedia |
||
| 338 |
_avolume _bnc _2rdacarrier |
||
| 650 | 4 |
_aReligion -- Philosophy. _95439 |
|
| 999 |
_aE2810 _c2808 _d2808 |
||